Entry Personal Name
Number of records used in: 1
001 - CONTROL NUMBER
003 - CONTROL NUMBER IDENTIFIER
005 - DATE AND TIME OF LATEST TRANSACTION
- control field:
20200101133951.0
008 - FIXED-LENGTH DATA ELEMENTS
- fixed length control field:
800522n| azannaabn a aaa
010 ## - LIBRARY OF CONGRESS CONTROL NUMBER
- LC control number:
n 50015362
- Canceled/invalid LC control number:
n 81122387
040 ## - CATALOGING SOURCE
- Original cataloging agency:
DLC
- Language of cataloging:
eng
- Transcribing agency:
DLC
- Description conventions:
rda
- Modifying agency:
DLC
046 ## - SPECIAL CODED DATES
- Birth date:
19290921
- Death date:
20030610
100 1# - HEADING--PERSONAL NAME
- Personal name:
Williams, Bernard,
- Dates associated with a name:
1929-2003
400 1# - SEE FROM TRACING--PERSONAL NAME
- Control subfield:
nne
- Personal name:
Williams, Bernard Arthur Owen
400 1# - SEE FROM TRACING--PERSONAL NAME
- Personal name:
Williams, B. A. O.
- Fuller form of name:
(Bernard Arthur Owen)
670 ## - SOURCE DATA FOUND
- Source citation:
His British analytical philosophy, 1966.
670 ## - SOURCE DATA FOUND
- Source citation:
His Moral luck, 1981:
- Information found:
t.p. (Bernard Williams)
670 ## - SOURCE DATA FOUND
- Source citation:
Washington Post, 18 June 2003:
- Information found:
obit. (Sir Bernard Williams, 73, died 10 June 2003 in Rome of cancer; books included Descartes; Moral luck; Ethics and limits of philosophy; Shame and necessity; Truth and truthfulness; professor at Oxford, Cambridge, and University of London; chaired or served on several royal, government, and Labour Party commissions; b. in Essex, England, Bernard Arthur Owen Williams; graduated 1951 Balliol College, Oxford; first wife, Labour politician Shirley Williams; second wife, Patricia Law Skinner)
670 ## - SOURCE DATA FOUND
- Source citation:
Biog. resource center (Contemp. authors), Mar. 2, 2007
- Information found:
(Bernard (Arthur Owen) Williams; b. Sept. 21, 1929, Westcliff-on-Sea, England; d. June 10, 2003, Rome, Italy; Litt. D., University of Dublin, 1981; honorary fellow of Balliol College, Oxford, 1984, and Bedford College, University of London, 1985; D. Litt., University of Aberdeen, 1985, University of Keele, 1995, University of Chicago, 1999, and Yale University, 2001; knighted 1999; LL. D., Harvard University, 2002; provost of King's College Cambridge, 1979-87)
670 ## - SOURCE DATA FOUND
- Source citation:
LCCN 66073911: His Morality and the emotions, 1966
- Information found:
(usage: Professor B.A.O. Williams)